<?xml version="1.0" encoding="UTF-8"?>
<record
    xmlns:xsi="http://www.w3.org/2001/XMLSchema-instance"
    xsi:schemaLocation="http://www.loc.gov/MARC21/slim http://www.loc.gov/standards/marcxml/schema/MARC21slim.xsd"
    xmlns="http://www.loc.gov/MARC21/slim">

  <leader>01792cam a2200349 i 4500</leader>
  <controlfield tag="001">6758271</controlfield>
  <controlfield tag="003">CSPC</controlfield>
  <controlfield tag="005">20260227104721.0</controlfield>
  <controlfield tag="008">022026c2019    ph            000 0 eng  </controlfield>
  <datafield tag="010" ind1=" " ind2=" ">
    <subfield code="a">unk84159105 </subfield>
  </datafield>
  <datafield tag="022" ind1=" " ind2=" ">
    <subfield code="a">2980-4663</subfield>
  </datafield>
  <datafield tag="035" ind1=" " ind2=" ">
    <subfield code="a">6758271</subfield>
  </datafield>
  <datafield tag="040" ind1=" " ind2=" ">
    <subfield code="a">CSPC</subfield>
    <subfield code="c">CSPC</subfield>
    <subfield code="e">rda</subfield>
    <subfield code="b">eng</subfield>
  </datafield>
  <datafield tag="050" ind1="0" ind2="0">
    <subfield code="a">MT33</subfield>
    <subfield code="b">.H65</subfield>
  </datafield>
  <datafield tag="245" ind1="0" ind2="4">
    <subfield code="a">The scales : </subfield>
    <subfield code="b">the official student research journal of the college of criminal justice education-legal management.</subfield>
  </datafield>
  <datafield tag="264" ind1=" " ind2="1">
    <subfield code="a">Bulacan : </subfield>
    <subfield code="b">El Bulakeno Publishing House, </subfield>
    <subfield code="c">2019.</subfield>
  </datafield>
  <datafield tag="300" ind1=" " ind2=" ">
    <subfield code="a">volumes : </subfield>
    <subfield code="b">illustrations ; </subfield>
    <subfield code="c">23 cm.</subfield>
  </datafield>
  <datafield tag="336" ind1=" " ind2=" ">
    <subfield code="a">text</subfield>
    <subfield code="b">txt</subfield>
    <subfield code="2">rdacontent</subfield>
  </datafield>
  <datafield tag="337" ind1=" " ind2=" ">
    <subfield code="a">unmediated</subfield>
    <subfield code="b">n</subfield>
    <subfield code="2">rdamedia</subfield>
  </datafield>
  <datafield tag="338" ind1=" " ind2=" ">
    <subfield code="a">volume</subfield>
    <subfield code="b">nc</subfield>
    <subfield code="2">rdacarrier</subfield>
  </datafield>
  <datafield tag="362" ind1=" " ind2=" ">
    <subfield code="a">Volume 1, Number 1 </subfield>
  </datafield>
  <datafield tag="504" ind1=" " ind2=" ">
    <subfield code="a">Includes Bibliographical References </subfield>
  </datafield>
  <datafield tag="505" ind1="0" ind2=" ">
    <subfield code="a">Enactment of civil partnership bill: a feasibility study -- An assessment on the implementation of the family code of the Philippines in securing the rights and privileges of illegitimate children -- Bulacan state university preventive measures on violations of anti-hazing law (RA 8049) -- In depth analysis of the issues concerning the working conditions and compensation of regular and part-time teachers of Bulacan state university -- A legal study: equalizing the elements and penalties of adultery and concubinage; and increasing the criminal liability of concubines.</subfield>
  </datafield>
  <datafield tag="650" ind1=" " ind2="4">
    <subfield code="a">Criminology</subfield>
    <subfield code="x">Periodicals. </subfield>
  </datafield>
  <datafield tag="650" ind1=" " ind2="4">
    <subfield code="a">Criminal law</subfield>
    <subfield code="x">Periodicals. </subfield>
  </datafield>
  <datafield tag="650" ind1=" " ind2="4">
    <subfield code="a">Legal management</subfield>
    <subfield code="x">Periodicals. </subfield>
  </datafield>
  <datafield tag="650" ind1=" " ind2="4">
    <subfield code="a">Law</subfield>
    <subfield code="x">Periodicals. </subfield>
  </datafield>
  <datafield tag="650" ind1=" " ind2="4">
    <subfield code="a">Students</subfield>
    <subfield code="2">Research</subfield>
    <subfield code="x">Periodicals. </subfield>
  </datafield>
  <datafield tag="700" ind1="1" ind2=" ">
    <subfield code="a">Garcia, Rolando Padilla., </subfield>
    <subfield code="e">editor. </subfield>
  </datafield>
  <datafield tag="942" ind1=" " ind2=" ">
    <subfield code="2">ddc</subfield>
    <subfield code="n">0</subfield>
    <subfield code="c">SERIALS</subfield>
    <subfield code="k">SER</subfield>
    <subfield code="m">2022</subfield>
    <subfield code="i">Sca44</subfield>
  </datafield>
  <datafield tag="952" ind1=" " ind2=" ">
    <subfield code="0">0</subfield>
    <subfield code="1">0</subfield>
    <subfield code="2">ddc</subfield>
    <subfield code="4">0</subfield>
    <subfield code="7">1</subfield>
    <subfield code="a">CSPC</subfield>
    <subfield code="b">CSPC</subfield>
    <subfield code="c">SER</subfield>
    <subfield code="d">2026-02-27</subfield>
    <subfield code="h">October 2019, Volume 1 Number 1</subfield>
    <subfield code="l">0</subfield>
    <subfield code="o">Ser PUB AD 12 v.1 n.1 2019</subfield>
    <subfield code="p">01597S</subfield>
    <subfield code="r">2026-02-27 10:49:07</subfield>
    <subfield code="t">1-1</subfield>
    <subfield code="w">2026-02-27</subfield>
    <subfield code="y">SERIALS</subfield>
    <subfield code="z">Journal</subfield>
  </datafield>
  <datafield tag="999" ind1=" " ind2=" ">
    <subfield code="c">31869</subfield>
    <subfield code="d">31869</subfield>
  </datafield>
</record>
